LEADER 01005nam a2200241 i 4500 001 000000037850 003 CaOOAMICUS 005 20250505164932.0 008 090722s1980 it u000 u ita u 013 $a8217 040 $aSeMil$bita 100 1 $aFalciola, Pier Giorgio,$c.$0(OLS)http://semarc/name/18103 245 12$aL'evangelizzazione nel pensiero di Paolo 6. /$cPier Giorgio Falciola. 260 $aRoma :$b[s.n.],$c1980. 300 $a360 p. ;$c21 cm. 500 $aIn testa al front. : Pontificiaunionemissionaria, Segretariato Internazionale S.C.de Propaganda Fide. 650 4$aPaolo VI - Evangelizzazione.$0(OLS)http://semarc/subject/43598 850 $aSeMil 852 $aSeMil$W1$xVenegono$y1$m2A III 67$j4005$B4005$CSeMilBibl$Z2$F4005 $81 961 $aOmaggio: Deposito 996 $6245$aL'evangelizzazione nel pensiero di Paolo 6.$9(OLS)http://semarc/title/53178 996 $6260$aRoma :$b[s.n.]$9(OLS)http://semarc/publisher/29738 LEADER 00872nam a2200193 i 4500 001 000000234409 003 CaOOAMICUS 005 20141015000000.0 008 141015s1801 it u000 u ita u 013 $a213312 026 $ar-va l-di r-n- Pome (3) 1801 (R) 040 $aSeMil$bita 245 10$aTomo 29. 300 $ali, [1], 307, [1] p. 500 $aSegn. : a-b8 c10 A-S8 T10. 773 0 $aBérault Bercastel, Antoine Henri : de <1722-1794>$tStoria del cristianesimo dell'abate di Berault-Bercastel canonico della Chiesa di Noyon continuata dall'anno 1721, sino al 1800 da un ecclesiastico veneziano. Tomo 29. [-36.].$dVenezia : Dalla Tipografia di Giustino Pasquali qu. Mario, 1801-1805.$g29$w()30699 850 $aSeMil 852 $aSeMil$W1$xVenegono$y1$m3A II 29 FA$j184755$B184755$CSeMilBibl$Z2$F195763 $8I 996 $6245$aTomo 29$9(OLS)http://semarc/title/334544